Normal view
MARC view
Entry Personal Name
001 - CONTROL NUMBER
- control field: 12359
003 - CONTROL NUMBER IDENTIFIER
- control field: dpl
005 - DATE AND TIME OF LATEST TRANSACTION
- control field: 20100813114730.0
008 - FIXED-LENGTH DATA ELEMENTS
- fixed length control field: 100813|||a|||||| | ||| d
040 ## - CATALOGING SOURCE
- Original cataloging agency: dpl
- Transcribing agency: dpl
100 ## - HEADING--PERSONAL NAME
- Personal name: Raghavan, V.
670 ## - SOURCE DATA FOUND
- Source citation: Work cat.: (dpl)41336: Raghavan, V., Stidies on some concepts of the alamkara sastra / , 2009
670 ## - SOURCE DATA FOUND
- Source citation: Work cat.: (dpl)41336: Raghavan, V., Stidies on some concepts of the alamkara sastra / , 2009
